UBT Library

THE WRITERS WORKPLACCE (Record no. 39472)

000 -LEADER
fixed length control field 00297nam a22001337a 4500
008 - FIXED-LENGTH DATA ELEMENTS--GENERAL INFORMATION
fixed length control field 171227b xxu||||| |||| 00| 0 eng d
020 ## - INTERNATIONAL STANDARD BOOK NUMBER
International Standard Book Number 9780155081369
041 ## - LANGUAGE CODE
Language code of text/sound track or separate title eng
080 ## - UNIVERSAL DECIMAL CLASSIFICATION NUMBER
Edition identifier 5 ED
Universal Decimal Classification number 37
100 ## - Rafti
Rafti 40
101 ## - Shkurtesa
Shkurtesa EDU
245 ## - TITLE STATEMENT
Title THE WRITERS WORKPLACCE
Statement of responsibility, etc JOHN.S
942 ## - ADDED ENTRY ELEMENTS (KOHA)
Source of classification or shelving scheme
Item type Books
Holdings
Withdrawn status Lost status Source of classification or shelving scheme Damaged status Not for loan Collection code Permanent location Current location Shelving location Date acquired Total Checkouts Full call number Barcode Date last seen Price effective from Koha item type
          Koleksioni i përgjithshem UBT - Lipjan UBT - Lipjan Koleksioni i përgjithshem 12/27/2017   37 JOH 002-29898 12/27/2017 12/27/2017 Books
UBT Library © 2015-2024. All rights reserved University Education for Business and Technology